Online
Catalog

Cristóbal Colón / (Record no. 18957)

MARC details
000 -CABECERA
campo de control de longitud fija 01220nam a2200313 a 4500
001 - NÚMERO DE CONTROL
campo de control 000019441
005 - FECHA Y HORA DE LA ÚLTIMA TRANSACCIÓN
campo de control 20240313182403.0
008 - DATOS DE LONGITUD FIJA--INFORMACIÓN GENERAL
campo de control de longitud fija 100629t2003 sp ach 001 0bspa d
020 ## - NÚMERO INTERNACIONAL ESTÁNDAR DEL LIBRO
Número Internacional Estándar del Libro 8484038734
040 ## - FUENTE DE LA CATALOGACIÓN
Centro catalogador/agencia de origen DO-SdBNP
Lengua de catalogación spa
Centro/agencia transcriptor BNPHU
082 ## - NÚMERO DE LA CLASIFICACIÓN DECIMAL DEWEY
Número de clasificación 923.9
Número de documento/Ítem C719c
049 ## - FONDOS LOCALES (OCLC)
Fondos de biblioteca BNPD
245 00 - MENCIÓN DE TÍTULO
Título Cristóbal Colón /
Mención de responsabilidad, etc. Dirección de la obra Francisco Luis Cardona Castro ; Cordinadores Manuel Giménez Saurina, Manuel Mas Franch, Miguel Giménez Saurina.
260 ## - PUBLICACIÓN, DISTRIBUCIÓN, ETC.
Lugar de publicación, distribución, etc. Madrid :
Nombre del editor, distribuidor, etc. Edimat Libros,
Fecha de publicación, distribución, etc. 2003.
300 ## - DESCRIPCIÓN FÍSICA
Extensión 190 p. :
Otras características físicas il., facsíms., retr. ;
Dimensiones 24 cm.
490 1# - MENCIÓN DE SERIE
Mención de serie Grandes biografías
500 ## - NOTA GENERAL
Nota general Incluye cronología de la época.
504 ## - NOTA DE BIBLIOGRAFÍA, ETC.
Nota de bibliografía, etc. Bibliografía sobre Colón : p. 6-7.
600 #0 - PUNTO DE ACCESO ADICIONAL DE MATERIA--NOMBRE DE PERSONA
Nombre de persona COLÓN, CRISTOBAL,
Fechas asociadas al nombre 1436-1456
9 (RLIN) 19795
600 14 - PUNTO DE ACCESO ADICIONAL DE MATERIA--NOMBRE DE PERSONA
Nombre de persona COLÓN, CRISTÓBAL
Fechas asociadas al nombre 1451-1506
Subdivisión general VIAJES
9 (RLIN) 18590
650 #4 - PUNTO DE ACCESO ADICIONAL DE MATERIA--TÉRMINO DE MATERIA
Término de materia o nombre geográfico como elemento de entrada Exploradores
Subdivisión geográfica América
Subdivisión general Biografías
9 (RLIN) 24585
650 #4 - PUNTO DE ACCESO ADICIONAL DE MATERIA--TÉRMINO DE MATERIA
Término de materia o nombre geográfico como elemento de entrada América
Subdivisión general Descubrimiento y exploraciones
9 (RLIN) 20820
700 1# - PUNTO DE ACCESO ADICIONAL--NOMBRE DE PERSONA
Nombre de persona Cardona Castro, Francisco Luis,
Fechas asociadas al nombre dir.
9 (RLIN) 41737
700 1# - PUNTO DE ACCESO ADICIONAL--NOMBRE DE PERSONA
Nombre de persona Giménez Saurina, Manuel
9 (RLIN) 41723
700 1# - PUNTO DE ACCESO ADICIONAL--NOMBRE DE PERSONA
Nombre de persona Mas Franch, Manuel
9 (RLIN) 41724
700 1# - PUNTO DE ACCESO ADICIONAL--NOMBRE DE PERSONA
Nombre de persona Giménez Saurina, Miguel
9 (RLIN) 41725
830 #0 - PUNTO DE ACCESO ADICIONAL DE SERIE-TÍTULO UNIFORME
Título uniforme Grandes biografías
9 (RLIN) 11230
910 ## - DATOS DE OPCIÓN DEL USUARIO (OCLC)
Datos de opción del usuario Validado. Control de calidad EMS.
Holdings
Estado de retiro Estado de pérdida Restricciones de uso No para préstamo Código de colección Localización permanente Ubicación/localización actual Ubicación en estantería Fecha de adquisición Número de inventario Total de préstamos Signatura topográfica completa Código de barras Fecha visto por última vez Precio válido a partir de Tipo de ítem Koha
      Excluido de préstamo Monografías: Libros y Folletos General General Depósito 29.06.2010 LF1   923.9 C719c 19441-10 25.06.2020 25.06.2020 No se presta

Powered by Koha